<?xml version="1.0" encoding="UTF-8"?>
<record
    xmlns:xsi="http://www.w3.org/2001/XMLSchema-instance"
    xsi:schemaLocation="http://www.loc.gov/MARC21/slim http://www.loc.gov/standards/marcxml/schema/MARC21slim.xsd"
    xmlns="http://www.loc.gov/MARC21/slim">

  <leader>01207nam a2200325 a 4500</leader>
  <controlfield tag="001">1613771</controlfield>
  <controlfield tag="003">CO-ViMGA</controlfield>
  <controlfield tag="005">20230915233613.0</controlfield>
  <controlfield tag="008">200210s2019    ck ao  gr     00010 spa d</controlfield>
  <datafield tag="020" ind1=" " ind2=" ">
    <subfield code="a">9789583057847</subfield>
  </datafield>
  <datafield tag="040" ind1=" " ind2=" ">
    <subfield code="a">CO-ViMGA</subfield>
    <subfield code="b">spa</subfield>
    <subfield code="c">CO-ViMGA</subfield>
  </datafield>
  <datafield tag="041" ind1="1" ind2=" ">
    <subfield code="h">ger</subfield>
  </datafield>
  <datafield tag="082" ind1="0" ind2="4">
    <subfield code="a">608 </subfield>
    <subfield code="b">F53f </subfield>
    <subfield code="2">19</subfield>
  </datafield>
  <datafield tag="100" ind1="1" ind2=" ">
    <subfield code="a">Flessner, Bernd.</subfield>
    <subfield code="9">929</subfield>
  </datafield>
  <datafield tag="245" ind1="1" ind2="0">
    <subfield code="a">Futuro : </subfield>
    <subfield code="b">todo se transforma / </subfield>
    <subfield code="c">Bernd Flessner ; traducci&#xF3;n del alem&#xE1;n Olga Martin Maldonado.</subfield>
  </datafield>
  <datafield tag="250" ind1=" " ind2=" ">
    <subfield code="a">Edicin&#x324; Cesar Alberto Cardozo Tovar.</subfield>
  </datafield>
  <datafield tag="260" ind1=" " ind2=" ">
    <subfield code="a">Bogota :&#x300; </subfield>
    <subfield code="b">Panamericana Editorial, </subfield>
    <subfield code="c">2019.</subfield>
  </datafield>
  <datafield tag="300" ind1=" " ind2=" ">
    <subfield code="a">48 p&#xE1;ginas : </subfield>
    <subfield code="b">ilustraciones, fotograf&#xED;as ; </subfield>
    <subfield code="c">28 cm.</subfield>
  </datafield>
  <datafield tag="490" ind1=" " ind2=" ">
    <subfield code="a">Como y porque</subfield>
  </datafield>
  <datafield tag="500" ind1=" " ind2=" ">
    <subfield code="a">Glosario : p. 48.</subfield>
  </datafield>
  <datafield tag="534" ind1=" " ind2=" ">
    <subfield code="p">T&#xED;tulo original : </subfield>
    <subfield code="t">Zukunft-alles im wandel.</subfield>
  </datafield>
  <datafield tag="650" ind1="1" ind2="4">
    <subfield code="a">Ciencia y tecnolog&#xED;a</subfield>
    <subfield code="v"> Literatura juvenil.</subfield>
    <subfield code="9">933</subfield>
  </datafield>
  <datafield tag="650" ind1="1" ind2="4">
    <subfield code="a">Innovaciones tecnol&#xF3;gicas</subfield>
    <subfield code="v"> Literatura juvenil.</subfield>
    <subfield code="9">931</subfield>
  </datafield>
  <datafield tag="650" ind1="1" ind2="4">
    <subfield code="a">Inventos</subfield>
    <subfield code="v"> Literatura juvenil.</subfield>
    <subfield code="9">932</subfield>
  </datafield>
  <datafield tag="650" ind1="1" ind2="4">
    <subfield code="a">Predicciones tecnol&#xF3;gicas</subfield>
    <subfield code="v"> Literatura juvenil.</subfield>
    <subfield code="9">930</subfield>
  </datafield>
  <datafield tag="650" ind1="1" ind2="4">
    <subfield code="a">Robots</subfield>
    <subfield code="v"> Literatura juvenil.</subfield>
    <subfield code="9">934</subfield>
  </datafield>
  <datafield tag="700" ind1="1" ind2=" ">
    <subfield code="a">Cardozo Tovar, Cesar A, </subfield>
    <subfield code="e">editor.</subfield>
    <subfield code="9">113</subfield>
  </datafield>
  <datafield tag="700" ind1="1" ind2=" ">
    <subfield code="a">Martin Maldonado, Olga, </subfield>
    <subfield code="e">traductora.</subfield>
    <subfield code="9">487</subfield>
  </datafield>
  <datafield tag="942" ind1=" " ind2=" ">
    <subfield code="2">ddc</subfield>
    <subfield code="c">BK</subfield>
  </datafield>
  <datafield tag="999" ind1=" " ind2=" ">
    <subfield code="c">9130</subfield>
    <subfield code="d">9130</subfield>
  </datafield>
  <datafield tag="952" ind1=" " ind2=" ">
    <subfield code="0">0</subfield>
    <subfield code="1">0</subfield>
    <subfield code="2">ddc</subfield>
    <subfield code="4">0</subfield>
    <subfield code="7">0</subfield>
    <subfield code="8">002</subfield>
    <subfield code="a">MEVIECAR</subfield>
    <subfield code="b">MEVIECAR</subfield>
    <subfield code="d">2020-04-16</subfield>
    <subfield code="l">0</subfield>
    <subfield code="o">608 F53f </subfield>
    <subfield code="p">33325</subfield>
    <subfield code="r">2020-04-16 00:00:00</subfield>
    <subfield code="w">2020-04-16</subfield>
    <subfield code="y">BK</subfield>
  </datafield>
  <datafield tag="952" ind1=" " ind2=" ">
    <subfield code="0">0</subfield>
    <subfield code="1">0</subfield>
    <subfield code="2">ddc</subfield>
    <subfield code="4">0</subfield>
    <subfield code="7">0</subfield>
    <subfield code="8">002</subfield>
    <subfield code="a">MEVIECAR</subfield>
    <subfield code="b">MEVIECAR</subfield>
    <subfield code="d">2020-04-16</subfield>
    <subfield code="l">0</subfield>
    <subfield code="o">608 F53f </subfield>
    <subfield code="p">33326</subfield>
    <subfield code="r">2020-04-16 00:00:00</subfield>
    <subfield code="w">2020-04-16</subfield>
    <subfield code="y">BK</subfield>
  </datafield>
</record>
